000 07286cam a22020534i 4500
003 PE-LiUPU
005 20250813165925.0
008 150706s2012 sp a rb 000 0 spa d
020 _a9788415419822
035 _a(Sirsi) i9788415419822
040 _aPE-LiUPU
_bspa
_cPE-LiUPU
_erda
049 _aPRUA
082 0 4 _a615.854
_bE792012
_221
100 1 _aEscott-Stump, Sylvia,
_eautor.
245 1 0 _aNutrición, diagnóstico y tratamiento /
_cSylvia Escott-Stump ; [traducción, Martha Elena Araiza].
250 _a7a ed.
264 1 _aBarcelona :
_bWolters Kluwer, D.L.,
_c2012.
300 _aXX, 1020 páginas :
_bilustraciones ;
_c28 centímetros
336 _atext
_2rdacontent
337 _aunmediated
_2rdamedia
338 _avolume
_2rdacarrier
500 _aTítulo original: Nutrition and diagnosis-related.
504 _aIncluye referencias bibliográficas.
505 0 _aEtapas normales de la vida -- Prácticas nutricionales, seguridad de los alimentos, lergias, rastornos cutáneos diversos -- Defectos congénitos y trastornos genéticos y adquirido -- Trastornos neurológicos y mentales -- Trastornos pulmonares -- Trastornos -- Trastornos gastrointestinales cardiovasculares -- Trastornos hepáticos, pancreáticos y biliares -- Trastornos endocrinos -- Trastornos musculoesqueléticos y de la colágena -- Hematología: anemias y trastornos sanguíneos -- Cáncer -- A quirúrgicas -- Sida e inmunología, quemaduras, sepsis y traumatismos -- Trastornos renales -- Tratamientos nutricionales enterales y parenterales -- Revisión nutricional -- Proceso, formularios y consejos para el asesoramiento nutricional.
526 _aP203
526 _aP200
526 _aSEG65
526 _aSEG64
526 _aSEG63
526 _aSEG62
526 _aSEG61
526 _aSEG60
526 _aSEG59
526 _aSEG58
526 _aSEG57
526 _aSEG56
526 _aSEG55
526 _aSEG54
526 _aSEG53
526 _aSEG52
526 _aSEG51
526 _aSEG50
526 _aSEG49
526 _aSEG48
526 _aSEG47
526 _aSEG46
526 _aSEG24
526 _aSEG23
526 _aSEG22
526 _aSEG21
526 _aSEG20
526 _aSEG19
526 _aSEG18
526 _aSEG17
526 _aSEG16
526 _aSEG14
526 _aSEG13
526 _aSEG12
526 _aSEG11
526 _aSEG10
526 _aSEG09
526 _aSEG06
526 _aSEG05
526 _aSEG04
526 _aSEG03
526 _aSEG02
526 _aSEG68
526 _aSEG66
526 _aSEG45
526 _aSEG25
526 _aSEG01
526 _aP163
526 _aP162
526 _aP161
526 _aP160
526 _aP159
526 _aP158
526 _aP157
526 _aP156
526 _aP155
526 _aP154
526 _aP153
526 _aP152
526 _aP151
526 _aP150
526 _aP149
526 _aP142
526 _aP141
526 _aP140
526 _aP139
526 _aP138
526 _aP137
526 _aP132
526 _aP131
526 _aP130
526 _aP126
526 _aP125
526 _aP124
526 _aP123
526 _aP115
526 _aP122
526 _aP121
526 _aP116
526 _a P114
526 _aP112
526 _aP111
526 _aP104
526 _aP103
526 _aP102
526 _aP101
526 _aP100
526 _aP96
526 _aP95
526 _aP93
526 _aP92
526 _aP91
526 _aP88
526 _aP83
526 _aP82
526 _aP79
526 _aP78
526 _aP75
526 _aP74
526 _aP71
526 _aP69
526 _a P51
526 _aP49
526 _aP48
526 _aP47
526 _aP33
526 _aP31
526 _a P30
526 _aP29
526 _aP27
526 _aP26
526 _aP25
526 _aP24
526 _a P22
526 _aP10
526 _aP09
526 _a P08
526 _aP06
526 _aP05
526 _aP04
526 _aP01
541 _g001-000095;
541 _g001-000095;
541 _g001-000095;
541 _g001-000113;
541 _g001-000113;
541 _g001-000113;
650 0 4 _aNutrición.
_9394
650 0 4 _aAlimentos.
_91965
650 0 4 _aDietética.
_91967
650 0 4 _aNutrición
_xDiagnóstico y tratamiento.
700 1 _aAriza, Martha Helena,
_etr.
910 _agl
_cNG
_d20130626
942 _2ddc
_cBOOK
949 _a615.854 E79 2012
_wDEWEY
_c1
_i67715
_lCCODEBUL1
_mBUL
_p75.00
_r0
_sY
_tBOOK
_u2015-7-6
_xSALUD
_PP31
_o.STAFF. Colección General
949 _a615.854 E79 2012
_wDEWEY
_c2
_i67716
_lCCODEBUL1
_mBUL
_p75.00
_r0
_sY
_tBOOK
_u2015-7-6
_xSALUD
_PP31
_o.STAFF. Colección General
949 _a615.854 E79 2012
_wDEWEY
_c3
_i67717
_lCCODEBUL1
_mBUL
_p78.00
_r0
_sY
_tBOOK
_u2015-7-6
_xSALUD
_PP31
_o.STAFF. Colección General
949 _a615.854 E79 2012
_wDEWEY
_c4
_i68964
_lCCODEBUL1
_mBUL
_p101.00
_r0
_sY
_tBOOK
_u2015-7-6
_xSALUD
_PP31
_o.STAFF. Colección General
949 _a615.854 E79 2012
_wDEWEY
_c5
_i68965
_lCCODEBUL1
_mBUL
_p101.00
_r0
_sY
_tBOOK
_u2015-7-6
_xSALUD
_PP31
_o.STAFF. Colección General
949 _a615.854 E79 2012
_wDEWEY
_c6
_i68966
_lCCODEBUL1
_mBUL
_p101.00
_r0
_sY
_tBOOK
_u2015-7-6
_xSALUD
_PP31
_o.STAFF. Colección General
994 _aC0
_bPEPRU
596 _a1
999 _a615.854 E79 2012
_wDEWEY
_c55288
_i67715
_d55288
_e2018-8-20
_f2021-11-4
_g5
_lCCODEBUL1
_mBUL
_n8
_p75.00
_q7
_r0
_sY
_tBOOK
_u2015-7-6
_xSALUD
_PP31
_0COMPRA
_o.STAFF. Colección Ciencias de la Salud
999 _a615.854 E79 2012
_wDEWEY
_c2
_i67716
_d2018-8-31
_e2018-8-27
_f2021-11-4
_g5
_lCCODEBUL1
_mBUL
_n12
_p75.00
_q1
_r0
_sY
_tBOOK
_u2015-7-6
_xSALUD
_PP31
_0COMPRA
_o.STAFF. Colección Ciencias de la Salud
999 _a615.854 E79 2012
_wDEWEY
_c3
_i67717
_d2018-9-24
_e2018-8-26
_f2021-11-4
_g5
_lCCODEBUL1
_mBUL
_n8
_p78.00
_q10
_r0
_sY
_tBOOK
_u2015-7-6
_xSALUD
_PP31
_0COMPRA
_o.STAFF. Colección Ciencias de la Salud
999 _a615.854 E79 2012
_wDEWEY
_c4
_i68964
_d2018-9-4
_e2018-8-26
_f2021-11-4
_g5
_lCCODEBUL1
_mBUL
_n14
_p101.00
_r0
_sY
_tBOOK
_u2015-7-6
_xSALUD
_PP31
_0COMPRA
_o.STAFF. Colección Ciencias de la Salud
999 _a615.854 E79 2012
_wDEWEY
_c5
_i68965
_d2019-11-4
_e2018-5-14
_f2021-11-4
_g5
_lCCODEBUL1
_mBUL
_n10
_p101.00
_q5
_r0
_sY
_tBOOK
_u2015-7-6
_xSALUD
_PP31
_0COMPRA
_o.STAFF. Colección Ciencias de la Salud
999 _a615.854 E79 2012
_wDEWEY
_c6
_i68966
_d2019-10-29
_e2018-11-18
_f2021-11-4
_g5
_lCCODEBUL1
_mBUL
_n11
_p101.00
_q6
_r0
_sY
_tBOOK
_u2015-7-6
_xSALUD
_PP31
_0COMPRA
_o.STAFF. Colección Ciencias de la Salud
999 _a615.854 E79 2012
_wDEWEY
_c7
_i70236
_d2019-11-21
_e2017-9-11
_f2021-11-4
_g5
_lCCODEBUL1
_mBUL
_n14
_p104.00
_q12
_r0
_sY
_tBOOK
_u2015-7-24
_xSALUD
_PP31
_0COMPRA
_o.STAFF. Colección Ciencias de la Salud
980 _81
_gALBERTO SANCHEZ Responsable de Automatización